[Event "European Hybrid Qual 2021"]
[Site "Tornelo INT"]
[Date "2021.05.24"]
[Round "1.1"]
[White "Santos Ruiz, Miguel"]
[Black "Rogic, Davor"]
[Result "1-0"]
[WhiteTitle "GM"]
[BlackTitle "GM"]
[WhiteElo "2594"]
[BlackElo "2492"]
[WhiteFideId "22291482"]
[BlackFideId "14501228"]
[EventDate "2021.05.24"]
[EventType "k.o."]

1. c4 c6 2. Nf3 d5 3. e3 g6 4. d4 Bg7 5. Nc3 Nf6 6. Be2 O-O 7. O-O b6 8. b4 Bb7
9. Qb3 Nbd7 10. a4 Rb8 11. cxd5 Nxd5 12. Nxd5 cxd5 13. b5 Re8 14. a5 e5 15. a6
exd4 16. Nxd4 Ba8 17. Bb2 Nc5 18. Qa2 Qd7 19. Rfd1 Rbc8 20. Rac1 Red8 21. Qa1 h5
22. h3 Bh6 23. Bf3 Qe8 24. Qb1 Rc7 25. Ba1 Bg7 26. Rc2 Rdc8 27. Rdc1 Qd7 28. Be2
Qe8 29. Bf1 Qd7 30. Bb2 Bh6 31. Nf3 Qe7 32. Be5 Rd7 33. Qb2 Re8 34. Bd4 Rc7 35.
Qb4 Bf8 36. Be5 Rcc8 37. Qf4 Ne6 38. Qh2 Rc5 39. Bd4 Rxc2 40. Rxc2 Nc5 41. Qf4
f5 42. Qe5 Qxe5 43. Nxe5 Kh7 44. g4 hxg4 45. hxg4 f4 46. Bd3 Rxe5 47. Bxe5 Nxd3
48. Rc7+ Kg8 49. Rxa7 fxe3 50. fxe3 1-0

[Event "European Hybrid Qual 2021"]
[Site "Tornelo INT"]
[Date "2021.05.25"]
[Round "1.2"]
[White "Rogic, Davor"]
[Black "Santos Ruiz, Miguel"]
[Result "0-1"]
[WhiteTitle "GM"]
[BlackTitle "GM"]
[WhiteElo "2492"]
[BlackElo "2594"]
[WhiteFideId "14501228"]
[BlackFideId "22291482"]
[EventDate "2021.05.24"]
[EventType "k.o."]

1. e4 e5 2. Nc3 Nf6 3. f4 d5 4. fxe5 Nxe4 5. Qf3 Nxc3 6. dxc3 Be6 7. Bf4 Qh4+ 8.
g3 Qe7 9. O-O-O Nd7 10. h4 O-O-O 11. Ne2 h5 12. Bg2 c6 13. Rde1 Bg4 14. Qf2 Nxe5
15. Qxa7 Qc7 16. c4 dxc4 17. Nc3 Bd6 18. Ne4 f6 19. Nxd6+ Qxd6 20. b3 Rhe8 21.
Re4 Qb4 22. Rhe1 Qc3 23. Kb1 Bf5 24. Qe3 Qa5 25. Bxe5 Bxe4 26. Bh3+ f5 27. Qxe4
Rxe5 28. Qxe5 Rd1+ 29. Kb2 c3+ 0-1

[Event "European Hybrid Qual 2021"]
[Site "Tornelo INT"]
[Date "2021.05.24"]
[Round "1.1"]
[White "Deac, Bogdan-Daniel"]
[Black "Babujian, Levon"]
[Result "1-0"]
[WhiteTitle "GM"]
[BlackTitle "GM"]
[WhiteElo "2627"]
[BlackElo "2465"]
[WhiteFideId "1226380"]
[BlackFideId "13301993"]
[EventDate "2021.05.24"]
[EventType "k.o."]

1. Nf3 Nf6 2. c4 b6 3. d4 e6 4. a3 Bb7 5. Nc3 d5 6. Bg5 Nbd7 7. cxd5 exd5 8. Qa4
Be7 9. Bxf6 Bxf6 10. g3 O-O 11. Bh3 Nb8 12. O-O Re8 13. Rad1 a5 14. Rfe1 g6 15.
e4 dxe4 16. Ne5 Bg7 17. Nxe4 f6 18. Nc5 fxe5 19. Nxb7 Qe7 20. d5 Rf8 21. d6 cxd6
22. Nxd6 Kh8 23. Qb5 Na6 24. Qxb6 Rf6 25. Bg2 Ra7 26. Bb7 Rxd6 27. Rxd6 Rxb7 28.
Qd8+ Bf8 29. Qxe7 Bxe7 30. Rxa6 1-0

[Event "European Hybrid Qual 2021"]
[Site "Tornelo INT"]
[Date "2021.05.25"]
[Round "1.2"]
[White "Babujian, Levon"]
[Black "Deac, Bogdan-Daniel"]
[Result "1-0"]
[WhiteTitle "GM"]
[BlackTitle "GM"]
[WhiteElo "2465"]
[BlackElo "2627"]
[WhiteFideId "13301993"]
[BlackFideId "1226380"]
[EventDate "2021.05.24"]
[EventType "k.o."]

1. d4 Nf6 2. c4 e6 3. Nc3 Bb4 4. Nf3 O-O 5. Bg5 c5 6. d5 exd5 7. cxd5 d6 8. e3
h6 9. Bh4 Nbd7 10. Bd3 Qa5 11. O-O Bxc3 12. bxc3 Nxd5 13. c4 N5f6 14. Bc2 Qa6
15. Qd3 d5 16. cxd5 Qxd3 17. Bxd3 Nxd5 18. Rac1 Nb4 19. Bb1 Re8 20. Rfd1 b6 21.
Rd6 Nf8 22. a3 Na6 23. Bg3 Be6 24. Ne5 Rad8 25. Nc6 Rxd6 26. Bxd6 Bd7 27. Ne7+
Kh8 28. Rc4 Be6 29. Rh4 Nh7 30. Nc6 Rc8 31. Be4 Ng5 32. Ne7 Rf8 33. Be5 f6 34.
Ng6+ Kg8 35. Nxf8 Kxf8 36. Bd6+ Ke8 37. Bc6+ Bd7 38. Bb7 Bb5 39. Bxa6 Bxa6 40.
Ra4 Bb5 41. Rxa7 Bd7 42. Rb7 c4 43. Rxb6 c3 44. Rb8+ Kf7 45. Rb7 Ke6 46. Bb4 c2
47. Rc7 Ba4 48. f3 1-0

[Event "European Hybrid Qual 2021"]
[Site "Tornelo INT"]
[Date "2021.05.25"]
[Round "1.3"]
[White "Babujian, Levon"]
[Black "Deac, Bogdan-Daniel"]
[Result "1-0"]
[WhiteTitle "GM"]
[BlackTitle "GM"]
[WhiteElo "2465"]
[BlackElo "2627"]
[WhiteFideId "13301993"]
[BlackFideId "1226380"]
[EventDate "2021.05.24"]
[EventType "k.o."]

1. d4 Nf6 2. c4 e6 3. Nf3 d5 4. Nc3 dxc4 5. e4 Bb4 6. Bg5 h6 7. Bxf6 Qxf6 8.
Bxc4 c5 9. e5 Qd8 10. O-O cxd4 11. Ne4 O-O 12. Qe2 Be7 13. Rad1 Qc7 14. Ng3 Bd7
15. Nxd4 Rd8 16. Bb3 Nc6 17. Nf3 Rac8 18. h4 Na5 19. Nh5 Nxb3 20. axb3 Be8 21.
Qe4 Rxd1 22. Rxd1 Qc2 23. Rd3 Bc6 24. Rd8+ Rxd8 25. Qxc2 a5 26. Ng3 Rd5 27. h5
Rc5 28. Qd2 Rd5 29. Qf4 Rb5 30. Nd4 Rb4 31. Qd2 Bd5 32. Nge2 Bc5 33. Qc3 b6 34.
Kh2 Kf8 35. f3 Kg8 36. Kg3 Kf8 37. Kh2 Kg8 38. g4 Kf8 39. Kg3 Kg8 40. Qd3 Kh8
41. Qd2 Kh7 42. f4 Kg8 43. g5 hxg5 44. fxg5 a4 45. bxa4 Rxa4 46. g6 fxg6 47.
hxg6 Ra1 48. Qf4 Ra7 49. b4 Bxb4 50. Kh2 Bc5 51. Qh4 Bxd4 52. Qh7+ Kf8 53. Qh8+
Ke7 54. Qxg7+ 1-0

[Event "European Hybrid Qual 2021"]
[Site "Tornelo INT"]
[Date "2021.05.25"]
[Round "1.4"]
[White "Deac, Bogdan-Daniel"]
[Black "Babujian, Levon"]
[Result "1-0"]
[WhiteTitle "GM"]
[BlackTitle "GM"]
[WhiteElo "2627"]
[BlackElo "2465"]
[WhiteFideId "1226380"]
[BlackFideId "13301993"]
[EventDate "2021.05.24"]
[EventType "k.o."]

1. Nf3 Nf6 2. c4 b6 3. d4 e6 4. g4 Nxg4 5. e4 d6 6. Nc3 Bb7 7. Rg1 Nf6 8. e5
dxe5 9. Nxe5 Nbd7 10. Qa4 Qe7 11. Bg2 Bxg2 12. Rxg2 Qd6 13. Be3 c6 14. Nxc6 g6
15. O-O-O Bg7 16. c5 Qc7 17. Nb5 Qxc6 18. Nd6+ Qxd6 19. cxd6 O-O 20. Kb1 a6 21.
Rc1 b5 22. Qa5 Nd5 23. Rgg1 N7b6 24. b3 f5 25. Rc6 Rab8 26. Rd1 f4 27. Bc1 b4
28. Bb2 f3 29. d7 Nxd7 30. Rxe6 N7f6 31. Rd6 Nf4 32. Rxa6 Ne4 33. Ra7 Rbc8 34.
Rxg7+ Kxg7 35. Qe5+ Kg8 36. Qxe4 Ne2 37. d5 Nc3+ 38. Bxc3 bxc3 39. Rc1 Rfe8 40.
Qxf3 Rf8 41. Qe3 Rfe8 42. Qd3 1-0

[Event "European Hybrid Qual 2021"]
[Site "Tornelo INT"]
[Date "2021.05.25"]
[Round "1.5"]
[White "Deac, Bogdan-Daniel"]
[Black "Babujian, Levon"]
[Result "1-0"]
[WhiteTitle "GM"]
[BlackTitle "GM"]
[WhiteElo "2627"]
[BlackElo "2465"]
[WhiteFideId "1226380"]
[BlackFideId "13301993"]
[EventDate "2021.05.24"]
[EventType "k.o."]

1. e4 e5 2. Nf3 Nc6 3. Bc4 Nf6 4. Ng5 d5 5. exd5 Na5 6. Bb5+ c6 7. dxc6 bxc6 8.
Bd3 Nd5 9. Nf3 Nf4 10. O-O Nxd3 11. cxd3 Bd6 12. Re1 O-O 13. Nxe5 c5 14. d4 cxd4
15. d3 Qf6 16. Nf3 Bf5 17. Qa4 Nc6 18. Bg5 Qg6 19. Nbd2 Bxd3 20. Rac1 Rac8 21.
Bh4 Bf4 22. Bg3 Bxd2 23. Nxd2 Bf5 24. Rc5 d3 25. Rec1 Bd7 26. R5c3 Rfe8 27. Qc4
Ne7 28. Qd4 Rxc3 29. Rxc3 Bf5 30. h3 h6 31. Qa4 Rd8 32. Qxa7 Nd5 33. Qa5 Qf6 34.
Rc5 Be6 35. Be5 Qg5 36. Nf3 Qe7 37. b4 f6 38. Bd4 Nf4 39. Be3 Ne2+ 40. Kh2 Qd6+
41. g3 Qd7 42. Rc7 Qd5 43. Qa7 Bf7 44. Nd2 Qh5 45. Rd7 Rf8 46. Re7 Kh8 47. Qd7
Bg6 48. Rxg7 1-0

[Event "European Hybrid Qual 2021"]
[Site "Tornelo INT"]
[Date "2021.05.24"]
[Round "1.1"]
[White "Palac, Mladen"]
[Black "Smith, Axel"]
[Result "1-0"]
[WhiteTitle "GM"]
[BlackTitle "GM"]
[WhiteElo "2525"]
[BlackElo "2449"]
[WhiteFideId "14500116"]
[BlackFideId "1707930"]
[EventDate "2021.05.24"]
[EventType "k.o."]

1. e4 e5 2. Nf3 Nc6 3. Bb5 Nf6 4. d3 Bc5 5. O-O Nd4 6. Be3 Nxf3+ 7. Qxf3 Bxe3 8.
Qxe3 c6 9. Bc4 O-O 10. Bb3 d6 11. Nd2 a5 12. a4 Be6 13. Bxe6 fxe6 14. c3 Qe7 15.
Rad1 b5 16. axb5 cxb5 17. d4 exd4 18. Qxd4 Rfd8 19. Rfe1 e5 20. Qb6 Rdb8 21. Qe3
a4 22. Qd3 Rb6 23. Nf1 Qb7 24. Ne3 Rf8 25. Nc2 Rc8 26. f3 Qc7 27. Rd2 Qc4 28.
Qxc4+ Rxc4 29. Red1 Ne8 30. Ne3 Rcc6 31. Nd5 Rb7 32. g3 Rf7 33. Kg2 h6 34. h4
Ra6 35. Ra1 Nc7 36. Nb4 Rb6 37. Rad1 Rf6 38. h5 Re6 39. Kf2 Kf7 40. Ke3 g6 41.
hxg6+ Rxg6 42. Kf2 Ke6 43. f4 exf4 44. gxf4 Rg4 45. Kf3 Rh4 46. Kg3 Rh5 47. Kg4
Rc5 48. Rh1 h5+ 49. Rxh5 Rxh5 50. Kxh5 Ne8 51. Nd5 Rb7 52. Kg4 Rh7 53. Rd4 Nc7
54. f5+ Ke5 55. Nf4 Ne8 56. Rb4 Nc7 57. Nd3+ Kf6 58. c4 bxc4 59. Rxc4 Rg7+ 60.
Kf4 Rh7 61. Rxa4 Nd5+ 62. Kg3 Ne3 63. Ra6 Rg7+ 64. Kf4 Ng2+ 65. Kf3 Nh4+ 66. Ke3
Rg3+ 67. Kd4 Ke7 68. Ra7+ Ke8 69. b4 d5 70. Ne5 dxe4 71. f6 Nf3+ 72. Kxe4 Nxe5
73. Kxe5 Re3+ 74. Kd5 Rf3 75. f7+ Kf8 76. b5 Rf5+ 77. Kc4 Rf4+ 78. Kc5 Rf5+ 79.
Kb4 Rf4+ 80. Ka5 Rf5 81. Ka6 Rf1 82. b6 Ra1+ 83. Kb5 Rb1+ 84. Kc5 Rc1+ 85. Kd4
Rd1+ 86. Ke3 Re1+ 87. Kd2 Rb1 88. b7 Kg7 89. f8=Q+ Kxf8 90. Ra8+ Kf7 91. b8=Q
Rxb8 92. Rxb8 1-0

[Event "European Hybrid Qual 2021"]
[Site "Tornelo INT"]
[Date "2021.05.25"]
[Round "1.2"]
[White "Smith, Axel"]
[Black "Palac, Mladen"]
[Result "1/2-1/2"]
[WhiteTitle "GM"]
[BlackTitle "GM"]
[WhiteElo "2449"]
[BlackElo "2525"]
[WhiteFideId "1707930"]
[BlackFideId "14500116"]
[EventDate "2021.05.24"]
[EventType "k.o."]

1. d4 Nf6 2. Bg5 d5 3. e3 c5 4. Bxf6 gxf6 5. dxc5 e6 6. Nf3 Bxc5 7. Be2 Nc6 8.
O-O O-O 9. c4 dxc4 10. Qc2 Re8 11. Rd1 Bd7 12. Qxc4 Bf8 13. Nc3 Qe7 14. Ne4 Red8
15. Ng3 Qb4 16. Qc2 Rac8 17. a3 Qe7 18. Qb1 Be8 19. Nh5 f5 20. Qa2 Bg7 21. Nxg7
Kxg7 22. h3 Qf6 23. Rac1 Ne5 24. Rxc8 Rxc8 25. Nd4 Bc6 26. Nxc6 Rxc6 27. b4 Rc7
28. g3 Nd7 29. Bf3 Qc3 30. Bg2 Ne5 31. Qa1 b6 32. Bf1 Qxa1 33. Rxa1 Rc2 34. a4
Rb2 35. b5 Nf3+ 36. Kg2 Nd2 37. Bd3 Nb3 38. Rb1 Rxb1 39. Bxb1 Nc5 40. Bc2 Kf6
41. f4 h6 42. Kf3 Ke7 43. g4 fxg4+ 44. Kxg4 Kf6 45. e4 Kg7 46. e5 f5+ 47. exf6+
Kxf6 48. Kh5 Kg7 49. Kg4 Kf6 50. Kh5 Kg7 51. Kh4 Kf6 52. Kg4 Kg7 53. Kh5 Nd7 54.
Bb3 Nc5 55. Bc4 Kh7 56. Ba2 Kg7 57. Bc4 Kh7 58. Ba2 Kg7 59. h4 Ne4 60. Kg4 Nc5
61. Kh5 Ne4 62. Kg4 Nc5 63. Bc4 Kf6 64. Kh5 Kg7 65. Kg4 Kf6 66. Kh5 Kg7 67. Ba2 1/2-1/2

[Event "European Hybrid Qual 2021"]
[Site "Tornelo INT"]
[Date "2021.05.24"]
[Round "1.1"]
[White "Hovhannisyan, Robert"]
[Black "Makarian, Rudik"]
[Result "1-0"]
[WhiteTitle "GM"]
[BlackTitle "IM"]
[WhiteElo "2632"]
[BlackElo "2481"]
[WhiteFideId "13302507"]
[BlackFideId "44105681"]
[EventDate "2021.05.24"]
[EventType "k.o."]

1. e4 e5 2. Nf3 Nc6 3. Bb5 Nf6 4. O-O Nxe4 5. d4 Nd6 6. Bxc6 dxc6 7. dxe5 Nf5 8.
Qxd8+ Kxd8 9. Rd1+ Ke8 10. Nc3 Be7 11. g4 Nh4 12. Nxh4 Bxh4 13. Kg2 Be6 14. Be3
h5 15. g5 f6 16. exf6 gxf6 17. f4 Kf7 18. Bd4 fxg5 19. Bxh8 Rxh8 20. fxg5 Rg8
21. Rf1+ Ke7 22. Ne4 Bxg5 23. Nxg5 Rxg5+ 24. Kf3 Kd6 25. Ke3 Re5+ 26. Kd2 Rd5+
27. Kc1 Rg5 28. b3 Kc5 29. Rf2 h4 30. Kb2 Bd5 31. Re1 h3 32. Re3 Bg2 33. Re7 Kb6
34. Rff7 a5 35. Rxc7 c5 36. Rce7 Bc6 37. Re3 Bg2 38. Rfe7 Rf5 39. R7e6+ Ka7 40.
R6e5 Rf1 41. Rxc5 Rh1 42. Rxa5+ Kb6 43. Rg5 Rxh2 44. Re2 Rh1 45. Rexg2 1-0

[Event "European Hybrid Qual 2021"]
[Site "Tornelo INT"]
[Date "2021.05.25"]
[Round "1.2"]
[White "Makarian, Rudik"]
[Black "Hovhannisyan, Robert"]
[Result "1-0"]
[WhiteTitle "IM"]
[BlackTitle "GM"]
[WhiteElo "2481"]
[BlackElo "2632"]
[WhiteFideId "44105681"]
[BlackFideId "13302507"]
[EventDate "2021.05.24"]
[EventType "k.o."]

1. d4 Nf6 2. c4 e6 3. g3 Bb4+ 4. Bd2 a5 5. Bg2 d5 6. Nf3 O-O 7. Qc2 c5 8. cxd5
cxd4 9. Nxd4 Qb6 10. e3 exd5 11. O-O Nc6 12. Nxc6 bxc6 13. Rc1 Rb8 14. Nc3 h5
15. a3 Be7 16. Na4 Qc7 17. h4 Re8 18. Bc3 Be6 19. Bd4 Ne4 20. Bxe4 dxe4 21. Nc5
Bc8 22. Qxe4 Ra8 23. Nd3 Ba6 24. Nf4 c5 25. Nxh5 Qd7 26. Bxg7 Bb7 27. Qe5 Bxh4
28. gxh4 Rxe5 29. Nf6+ Kxg7 30. Nxd7 Re4 31. Nxc5 Rg4+ 32. Kf1 Bf3 33. Nb3 Rxh4
34. Ke1 Rb8 35. Nd4 Rxb2 36. Nf5+ 1-0

[Event "European Hybrid Qual 2021"]
[Site "Tornelo INT"]
[Date "2021.05.25"]
[Round "1.3"]
[White "Makarian, Rudik"]
[Black "Hovhannisyan, Robert"]
[Result "1/2-1/2"]
[WhiteTitle "IM"]
[BlackTitle "GM"]
[WhiteElo "2481"]
[BlackElo "2632"]
[WhiteFideId "44105681"]
[BlackFideId "13302507"]
[EventDate "2021.05.24"]
[EventType "k.o."]

1. d4 Nf6 2. c4 e6 3. g3 Bb4+ 4. Bd2 a5 5. Bg2 d5 6. Nf3 O-O 7. Qc2 c5 8. cxd5
cxd4 9. Nxd4 Qb6 10. e3 exd5 11. O-O Nc6 12. Nxc6 bxc6 13. Rc1 Rb8 14. Nc3 h5
15. a3 Be7 16. Na4 Qc7 17. Qxc6 Qxc6 18. Rxc6 Bd7 19. Rc7 Bd8 20. Rxd7 Nxd7 21.
Rd1 Nb6 22. Nxb6 Bxb6 23. Bxd5 Rfd8 24. e4 Kh8 25. Bc3 Rbc8 26. Rd3 f5 27. exf5
Rc5 28. Be4 Rxd3 29. Bxd3 Bd8 30. Kf1 Bf6 31. Bxf6 gxf6 32. Ke2 a4 33. Kd2 Kg7
34. Bc2 Rd5+ 35. Kc3 Rc5+ 36. Kd2 Rd5+ 37. Ke3 Re5+ 38. Kf3 Rb5 39. Bxa4 Rxb2
40. Be8 h4 41. a4 hxg3 42. hxg3 Kh6 43. g4 Kg5 44. Kg3 Rb3+ 45. f3 Ra3 46. Bc6
Rc3 47. Bb5 Ra3 48. Bd7 Rd3 49. Bb5 Ra3 50. Bc6 1/2-1/2

[Event "European Hybrid Qual 2021"]
[Site "Tornelo INT"]
[Date "2021.05.25"]
[Round "1.4"]
[White "Hovhannisyan, Robert"]
[Black "Makarian, Rudik"]
[Result "1-0"]
[WhiteTitle "GM"]
[BlackTitle "IM"]
[WhiteElo "2632"]
[BlackElo "2481"]
[WhiteFideId "13302507"]
[BlackFideId "44105681"]
[EventDate "2021.05.24"]
[EventType "k.o."]

1. e4 e5 2. Nf3 Nc6 3. Bb5 Nf6 4. O-O Nxe4 5. d4 Nd6 6. Bxc6 dxc6 7. dxe5 Nf5 8.
Qxd8+ Kxd8 9. Rd1+ Ke8 10. Nc3 Be7 11. Bf4 Be6 12. g4 Nh4 13. Nxh4 Bxh4 14. h3
Rd8 15. Kg2 Be7 16. Bg3 h5 17. f3 b6 18. Ne2 hxg4 19. hxg4 Rd5 20. b3 g5 21. c4
Rxd1 22. Rxd1 c5 23. Nc3 Bd8 24. Ne4 Bd7 25. Nf6+ Bxf6 26. exf6 Rh6 27. Be5 Rg6
28. Bc3 a6 29. Rh1 Be6 30. Rd1 Bd7 31. a3 Kd8 32. Kg3 Kc8 33. Re1 Rg8 34. Re7
Rf8 35. Bd2 b5 36. Bxg5 bxc4 37. bxc4 Be6 38. Bh6 Rh8 39. Bg7 1-0

[Event "European Hybrid Qual 2021"]
[Site "Tornelo INT"]
[Date "2021.05.24"]
[Round "1.1"]
[White "Kunin, Vitaly"]
[Black "Lodici, Lorenzo"]
[Result "1/2-1/2"]
[WhiteTitle "GM"]
[BlackTitle "IM"]
[WhiteElo "2567"]
[BlackElo "2483"]
[WhiteFideId "4128737"]
[BlackFideId "884189"]
[EventDate "2021.05.24"]
[EventType "k.o."]

1. e4 e5 2. Nf3 Nc6 3. Nc3 Nf6 4. a3 d5 5. Bb5 Nxe4 6. Qe2 Nxc3 7. Qxe5+ Qe7 8.
dxc3 Bd7 9. Qxe7+ Bxe7 10. Bf4 O-O-O 11. O-O-O Bg4 12. Rde1 Bxf3 13. Bxc6 Bd6
14. Bxd6 Bxg2 15. Rhg1 Rxd6 16. Rxg2 Rxc6 17. Rxg7 Rf6 18. Re7 Rf8 19. Rxh7 Rxf2
20. h4 Kd8 21. Re5 Rg8 22. Rxd5+ Ke7 23. Kb1 Rgg2 24. Re5+ Kd6 25. Rb5 b6 26.
Rh6+ f6 27. Ka2 c5 28. c4 Kc6 29. Rb3 Rxc2 30. Rxf6+ Kb7 31. Rf4 Rh2 32. a4 Ka6
33. Kb1 Rcd2 34. a5 Rd1+ 35. Ka2 Rhh1 36. Rg3 Ra1+ 37. Kb3 Kxa5 38. Rf7 a6 39.
Rf4 Rh2 40. Rgf3 Rb1 41. Rf2 Rxf2 42. Rxf2 Rh1 43. Rf4 Rh3+ 44. Ka2 Kb4 45. Rf6
b5 46. cxb5 axb5 47. Rf4+ c4 48. Rg4 Rh2 49. Rf4 Kc5 50. Rf5+ Kb6 51. Rf4 Rd2
52. h5 Rh2 53. Rf5 Ka5 54. Kb1 Kb4 55. Rg5 Rh1+ 56. Ka2 Ka4 57. Rc5 Rh4 58. Rg5
b4 59. b3+ cxb3+ 60. Kb2 Rc4 61. Rg2 Rh4 62. Rg5 Rh3 63. Rf5 Rh2+ 64. Kb1 b2 65.
Rf3 b3 66. Rf8 Ka3 67. Ra8+ Kb4 68. h6 Rxh6 69. Kxb2 Rh2+ 70. Kb1 Kc3 71. Rc8+
Kb4 72. Rb8+ Kc3 73. Rc8+ Kb4 74. Rb8+ Kc3 75. Rc8+ 1/2-1/2

[Event "European Hybrid Qual 2021"]
[Site "Tornelo INT"]
[Date "2021.05.25"]
[Round "1.2"]
[White "Lodici, Lorenzo"]
[Black "Kunin, Vitaly"]
[Result "1-0"]
[WhiteTitle "IM"]
[BlackTitle "GM"]
[WhiteElo "2483"]
[BlackElo "2567"]
[WhiteFideId "884189"]
[BlackFideId "4128737"]
[EventDate "2021.05.24"]
[EventType "k.o."]

1. d4 d5 2. c4 dxc4 3. e4 e5 4. Nf3 Bb4+ 5. Nc3 exd4 6. Nxd4 Ne7 7. Bf4 O-O 8.
Bxc4 a6 9. O-O b5 10. Bb3 Bb7 11. Nf3 Qxd1 12. Rfxd1 Ba5 13. Ne5 c5 14. Nd5 Nxd5
15. Bxd5 Bxd5 16. Rxd5 Rc8 17. Rc1 Bb6 18. Rd6 f6 19. Nd3 Ba7 20. e5 c4 21. exf6
gxf6 22. b3 Nc6 23. bxc4 Nd4 24. Kf1 bxc4 25. Nb4 Bc5 26. Rd7 Ra7 27. Nd5 Rxd7
28. Nxf6+ Kg7 29. Nxd7 Ba3 30. Nb6 Bxc1 31. Be5+ Kf7 32. Nxc8 1-0

[Event "European Hybrid Qual 2021"]
[Site "Tornelo INT"]
[Date "2021.05.24"]
[Round "1.1"]
[White "Yilmaz, Mustafa"]
[Black "Livaic, Leon"]
[Result "1-0"]
[WhiteTitle "GM"]
[BlackTitle "IM"]
[WhiteElo "2630"]
[BlackElo "2505"]
[WhiteFideId "6302718"]
[BlackFideId "14531534"]
[EventDate "2021.05.24"]
[EventType "k.o."]

1. d4 Nf6 2. c4 e6 3. Nc3 d5 4. cxd5 exd5 5. Bg5 c6 6. e3 Bf5 7. Qf3 Bg6 8. Bxf6
Qxf6 9. Qxf6 gxf6 10. Nf3 Nd7 11. Nh4 Be7 12. Ne2 a5 13. Ng3 a4 14. f4 Be4 15.
Nxe4 dxe4 16. Nf5 Ra5 17. g4 a3 18. b3 Rg8 19. h3 h5 20. Kf2 hxg4 21. hxg4 Rxg4
22. Rh8+ Nf8 23. Bh3 Rg6 24. Nh4 Rg7 25. Bf5 Rg5 26. fxg5 fxg5 27. Bc8 gxh4 28.
Bxb7 f5 29. Bxc6+ Kf7 30. Rg1 f4 31. b4 Rg5 32. Rxg5 fxe3+ 33. Ke2 Bxg5 34. Bd5+
Ke7 35. Rg8 Bf6 36. Kxe3 h3 37. Rg3 Kd6 38. Bxe4 Ne6 39. Rxh3 Bxd4+ 40. Kd2 Bb2
41. Kc2 Ke5 42. Bh1 Nf4 43. Rh6 Kd4 44. b5 1-0

[Event "European Hybrid Qual 2021"]
[Site "Tornelo INT"]
[Date "2021.05.25"]
[Round "1.2"]
[White "Livaic, Leon"]
[Black "Yilmaz, Mustafa"]
[Result "0-1"]
[WhiteTitle "IM"]
[BlackTitle "GM"]
[WhiteElo "2505"]
[BlackElo "2630"]
[WhiteFideId "14531534"]
[BlackFideId "6302718"]
[EventDate "2021.05.24"]
[EventType "k.o."]

1. e4 c5 2. Nf3 d6 3. d4 cxd4 4. Nxd4 Nf6 5. Nc3 a6 6. Bc4 e6 7. Bb3 b5 8. Qf3
Qc7 9. Bg5 Be7 10. e5 Bb7 11. exd6 Bxd6 12. Qe3 Bc5 13. O-O-O Nc6 14. Qxe6+ fxe6
15. Nxe6 Qe7 16. Rhe1 Qxe6 17. Rxe6+ Ne7 18. Bxf6 gxf6 19. Bd5 Bxd5 20. Nxd5 Kf7
21. Rxf6+ Kg7 22. Re6 Kf7 23. Rf6+ Kg7 24. Rf3 Rad8 25. Rc3 Bd6 26. Nxe7 Bxe7
27. Rc7 Rxd1+ 28. Kxd1 Kf7 29. Rc6 Rg8 30. g3 Rg6 31. Rxg6 hxg6 32. Ke2 Ke6 33.
f4 Kd5 34. Kf3 a5 35. h4 Bf6 36. c3 b4 37. cxb4 axb4 38. b3 Kd4 39. Kg4 Ke4 40.
h5 gxh5+ 41. Kxh5 Kf5 42. Kh6 Be7 43. Kh5 Bd8 44. Kh6 Kg4 45. Kg7 Bb6 46. Kf6
Kxg3 47. Ke5 Bc5 48. f5 Kf3 0-1

[Event "European Hybrid Qual 2021"]
[Site "Tornelo INT"]
[Date "2021.05.24"]
[Round "1.1"]
[White "Dragnev, Valentin"]
[Black "Veleshnja, Zino"]
[Result "1-0"]
[WhiteTitle "GM"]
[WhiteElo "2565"]
[BlackElo "2278"]
[WhiteFideId "1634852"]
[BlackFideId "4701313"]
[EventDate "2021.05.24"]
[EventType "k.o."]

1. e4 c5 2. Nf3 d6 3. d4 Nf6 4. Nc3 cxd4 5. Nxd4 a6 6. h4 e5 7. Nb3 Be6 8. f4
Be7 9. f5 Bxb3 10. axb3 Nc6 11. g4 d5 12. exd5 Nd4 13. Bg2 Nxg4 14. Qxg4 Nxc2+
15. Ke2 Nxa1 16. d6 Bf6 17. d7+ Qxd7 18. Rd1 h5 19. Qe4 Qc8 20. Be3 Nxb3 21.
Qa4+ b5 22. Qxb3 O-O 23. Bxa8 Qxa8 24. Nd5 Bxh4 25. Qb4 Rd8 26. Qe4 Bg3 27. Bc5
f6 28. Qf3 e4 29. Ne7+ Kf8 30. Qb3 1-0

[Event "European Hybrid Qual 2021"]
[Site "Tornelo INT"]
[Date "2021.05.25"]
[Round "1.2"]
[White "Veleshnja, Zino"]
[Black "Dragnev, Valentin"]
[Result "0-1"]
[BlackTitle "GM"]
[WhiteElo "2278"]
[BlackElo "2565"]
[WhiteFideId "4701313"]
[BlackFideId "1634852"]
[EventDate "2021.05.24"]
[EventType "k.o."]

1. Nf3 d5 2. c4 c6 3. Qc2 Nf6 4. g3 g6 5. Bg2 Bg7 6. O-O O-O 7. d3 Re8 8. Bg5 h6
9. Bd2 e5 10. e4 Bg4 11. h3 Bxf3 12. Bxf3 dxe4 13. dxe4 Nbd7 14. Nc3 Nc5 15.
Rad1 Qe7 16. Be3 h5 17. Rd2 Kh7 18. Rfd1 Bh6 19. Bxc5 Qxc5 20. Na4 Qe7 21. Rd6
Bf8 22. c5 Kg7 23. R6d3 Qc7 24. b3 Red8 25. Qc3 Rxd3 26. Rxd3 b5 27. Nb2 a5 28.
a3 Nd7 29. b4 axb4 30. axb4 Be7 31. Qd2 Nf8 32. Bd1 Ne6 33. Rd7 Rd8 34. Rxd8
Bxd8 35. Nd3 Bf6 36. h4 Qd7 37. Qe3 Nd4 38. Kg2 Qe6 39. f4 exf4 40. Nxf4 Qa2+
41. Qf2 Qb1 42. Bxh5 Qxe4+ 43. Bf3 Nxf3 44. Qxf3 Qxf3+ 45. Kxf3 Bc3 46. Nd3 f5
47. Kf4 Kf6 48. g4 fxg4 49. Kxg4 Bd2 50. Kf3 Kf5 51. Ke2 Bc3 52. Kf3 Bf6 53. Kg3
Ke4 54. Nf2+ Kd5 55. Kg4 Kc4 56. Ne4 Be7 0-1

[Event "European Hybrid Qual 2021"]
[Site "Tornelo INT"]
[Date "2021.05.24"]
[Round "1.1"]
[White "Banusz, Tamas"]
[Black "Kaasen, Tor Fredrik"]
[Result "1-0"]
[WhiteTitle "GM"]
[BlackTitle "IM"]
[WhiteElo "2631"]
[BlackElo "2383"]
[WhiteFideId "722413"]
[BlackFideId "1516647"]
[EventDate "2021.05.24"]
[EventType "k.o."]

1. Nf3 d5 2. g3 Nf6 3. Bg2 g6 4. c4 c6 5. b3 Bg7 6. Bb2 O-O 7. O-O a5 8. d3 Na6
9. Nbd2 b5 10. Rc1 Bb7 11. Qc2 Re8 12. Rfd1 Qb6 13. d4 Rac8 14. c5 Qc7 15. a3
Nb8 16. e4 dxe4 17. Nxe4 Nxe4 18. Qxe4 Nd7 19. Qe2 Nf6 20. Ne5 Rcd8 21. Qf3 e6
22. Bc3 Rc8 23. Bd2 Rf8 24. h4 Nd5 25. Re1 Rcd8 26. h5 Ne7 27. h6 Bh8 28. Bf4
Qc8 29. Rcd1 f6 30. Ng4 Nf5 31. Qc3 Qd7 32. Ne3 Nxe3 33. Qxe3 Rfe8 34. Bd6 Ra8
35. g4 a4 36. f4 axb3 37. Qxb3 Qf7 38. Re3 f5 39. g5 Ra4 40. Be5 Bxe5 41. Rxe5
Qd7 42. Qb2 Rd8 43. d5 cxd5 44. Rxe6 Qc7 45. c6 Bc8 46. Rxd5 Ra7 47. Rd7 Rxd7
48. Qh8+ 1-0